Duševné zdravie zamestnancov ako základná podmienka úspechu firmy v etape nástupu priemyselnej revolúcie 4.0 a 5.0
Gespeichert in:
| 1. Verfasser: | |
|---|---|
| Format: | Buchkapitel |
| Sprache: | Slowakisch Englisch |
| Schlagworte: | |
| Tags: |
Keine Tags, Fügen Sie das erste Tag hinzu!
|
MARC
| LEADER | 00000naa$a2200000$$$4500 | ||
|---|---|---|---|
| 001 | 0280985 | ||
| 005 | 20240502074349.9 | ||
| 041 | 0 | |a slo | |
| 041 | 0 | |a eng | |
| 044 | |a SK | ||
| 245 | 1 | 0 | |a Duševné zdravie zamestnancov ako základná podmienka úspechu firmy v etape nástupu priemyselnej revolúcie 4.0 a 5.0 |c Natália Matkovčíková |
| 500 | |a abstrakt | ||
| 610 | 2 | 0 | |a zamestnanci |
| 610 | 2 | 0 | |a zdravie duševné |
| 610 | 2 | 0 | |a podnik |
| 610 | 2 | 0 | |a prostredie pracovné |
| 610 | 2 | 0 | |a revolúcia priemyselná |
| 100 | 1 | |a Matkovčíková, Natália, 1982- | |